LEADER 01373oam 2200397Ia 450 001 9910697114203321 005 20230902161856.0 035 $a(CKB)5470000002385774 035 $a(OCoLC)74273617 035 $a(EXLCZ)995470000002385774 100 $a20080513d2004 ua 0 101 0 $aeng 135 $aurcn||||||||| 181 $ctxt$2rdacontent 182 $cc$2rdamedia 183 $acr$2rdacarrier 200 10$aRunning nultiple simulation trials in OneSAF$b[electronic resource] /$fMaryAnne Fields and MyVAn Baranoski 210 1$aAberdeen Proving Gorund, MD :$cArmy Research Laboratory,$d[2004] 215 $a1 online resource (iv, 57 pages) $ccolor illustrations 225 1 $aARL-TR ;$v3322 300 $aTitle from PDF title screen (viewed on Aug. 9, 2010). 300 $a"September 2004." 320 $aincludes bibliographical references (page 15). 410 0$aARL-TR (Aberdeen Proving Ground, Md.) ;$v3322. 606 $aWeapons systems$xSimulation methods 615 0$aWeapons systems$xSimulation methods. 700 $aFields$b MaryAnne$01386357 701 $aBaranoski$b MyVan$01421361 712 02$aU.S. Army Research Laboratory. 801 0$bDTICE 801 1$bDTICE 801 2$bGPO 906 $aBOOK 912 $a9910697114203321 996 $aRunning nultiple simulation trials in OneSAF$93542362 997 $aUNINA